Southville International School and Colleges
Your cart is empty.
  • Cart
  • Lists
    Public lists Eva Luna New books Lux_list list_1
    Your lists Log in to create your own lists
  • Log in to your account
  • Your cookies
  • Search history
Southville International School and Colleges
  • Advanced search
  • Recent comments
  • Most popular
  • Libraries

Log in to your account

Log in with GOOGLE


If you do not have an external account, but do have a local account, you can still log in:

  1. Home
  2. MARC view: Learn to dance :
Normal view MARC view ISBD view

Learn to dance : (Record no. 118062)

[ view plain ]
MARC details
000 -LEADER
fixed length control field 00659nam a2200205Ia 4500
008 - FIXED-LENGTH DATA ELEMENTS--GENERAL INFORMATION
fixed length control field 140609s9999 xx 000 0 und d
020 ## - INTERNATIONAL STANDARD BOOK NUMBER
International Standard Book Number 9781407511405
050 ## - LIBRARY OF CONGRESS CALL NUMBER
Classification number GV 1589
Item number .R247 2008
100 ## - MAIN ENTRY--PERSONAL NAME
Personal name Redgrave, Colette.
245 ## - TITLE STATEMENT
Title Learn to dance :
Remainder of title a step-by-step guide toballroom and Latin dances /
Statement of responsibility, etc Colette Redgrave
260 ## - PUBLICATION, DISTRIBUTION, ETC. (IMPRINT)
Place of publication, distribution, etc Bath, UK :
Name of publisher, distributor, etc Parragon,
Date of publication, distribution, etc C2008.
300 ## - PHYSICAL DESCRIPTION
Extent 96 p. :
Other physical details col. ill. ;
Dimensions 28 cm.
500 ## - GENERAL NOTE
General note Includes index.
521 ## - TARGET AUDIENCE NOTE
Target audience note
650 ## - SUBJECT ADDED ENTRY--TOPICAL TERM
Topical term or geographic name as entry element Foxtrot (Dance)
General subdivision Study and teaching.
650 ## - SUBJECT ADDED ENTRY--TOPICAL TERM
Topical term or geographic name as entry element Tango (Dance)
General subdivision Study and teaching.
650 ## - SUBJECT ADDED ENTRY--TOPICAL TERM
Topical term or geographic name as entry element Waltz
General subdivision Study and teaching.
942 ## - ADDED ENTRY ELEMENTS (KOHA)
Call number prefix Foreign
Koha item type Books
Holdings
Withdrawn status Lost status Damaged status Home library Current library Shelving location Date acquired Cost, normal purchase price Total Checkouts Full call number Barcode Date last seen Price effective from Koha item type
      College Library College Library General Circulation Section 06/09/2014 567.86   GV 1589 .R247 2008 C18350 05/15/2018 06/09/2014 Books

Learn to dance :

APA

Redgrave C., . (2008). Learn to dance. Bath, UK: Parragon.

Chicago

Redgrave Colette, . 2008. Learn to dance. Bath, UK: Parragon.

Harvard

Redgrave C., . (2008). Learn to dance. Bath, UK: Parragon.

MLA

Redgrave Colette, . Learn to dance. Bath, UK: Parragon. 2008.

  • Place hold
  • Print
  • Cite
  • Add to your cart (remove)
  • Save record
    BIBTEX Dublin Core MARCXML MARC (non-Unicode/MARC-8) MARC (Unicode/UTF-8) MARC (Unicode/UTF-8, Standard) MODS (XML) RIS
  • More searches
    Search for this title in:
    Other Libraries (WorldCat) Other Databases (Google Scholar) Online Stores (Bookfinder.com) Open Library (openlibrary.org)

Exporting to Dublin Core...

SOUTHVILLE LIBRARY

Southville International School and Colleges Library

1281 Tropical Ave. Cor. Luxembourg St., BF Homes International, Las Pinas City

Tel. No. 8256374 / 252358 Loc. 117/146

Powered by Koha